Potreba nových prístupov vo vyučovaní slovenského jazyka a

Bibliographic Details
Main Author: Farkašová, Zuzana (Author)
Format: Article
Language:Slovak
PhysicalDescription:Obrázky
ISSN:1335-0404
Subjects:
Online Access:https://archiv.mpc-edu.sk/sk/casopis/pedagogicke-rozhlady/uvod

MARC

LEADER 00000nab a2200000 4500
001 vtls012129553
003 SK-MaSNL
005 20260303190718.0
008 220331|2021 xo |||| ||an ||00 0|slo
015 |a SNBRB2022/03 
040 |a SPKCL  |b slo  |e rda 
041 |a slo  |b slo  |b eng 
044 |a xo  |c SK 
072 7 |a 811.162.4  |x Slovenčina  |2 konspekt 
072 7 |a 373.2/.3  |x Predškolská a primárna výchova a vzdelávanie  |2 konspekt 
080 |a 811.162.4  |2 2011 
080 |a 373.3  |2 2011 
100 1 |a Farkašová, Zuzana  |4 aut  |9 631894 
245 1 0 |a Potreba nových prístupov vo vyučovaní slovenského jazyka a  |c Zuzana Farkašová 
300 |b Obrázky 
336 |a text  |b txt  |2 rdacontent 
337 |a bez média  |b n  |2 rdamedia 
338 |a zväzok  |b nc  |2 rdacarrier 
504 |a Obsahuje bibliografiu 
546 |a Anglické a slovenské resumé 
650 0 7 |a slovenčina  |2 SNKPH  |9 1350 
650 0 7 |a základné školy  |2 SNKPH  |9 1280 
650 0 7 |a vyučovací jazyk maďarský  |2 snkbucl  |9 658252 
773 0 |t Pedagogické rozhľady  |g Roč. 30, č. 9 (2021), s. 22-27  |x 1335-0404 
787 0 8 |i Rec.: 
856 4 1 |u https://archiv.mpc-edu.sk/sk/casopis/pedagogicke-rozhlady/uvod 
999 |c 2137635  |d 2139565